| 000 | 01283nam a2200289 i 4500 | ||
|---|---|---|---|
| 003 | EG-ScBUE | ||
| 005 | 20231001095428.0 | ||
| 008 | 100629s2004 u f 001 0 ara d | ||
| 017 | _a2004 / 15809 | ||
| 040 |
_aEG-ScBUE _bara _erda _cEG-ScBUE _dEG-ScBUE |
||
| 082 | 0 | 4 |
_222 _bص و ل _a892.713409 |
| 100 | 1 |
_915423 _aأبو بكر الصولي، محمد بن يحيى، _dت. 335 هـ، _eمؤلف. |
|
| 245 | 1 | 0 |
_aكتاب الأوراق : _bقسم أخبار الشعراء / _cأبي بكر محمد بن يحيى الصولي ؛ تحقيق ج. هيورث. دن ؛ قدم هذه الطبعة أ. د. منير سلطان. |
| 264 | 1 |
_aالقاهرة : _bالهيئة العامة لقصور الثقافة، _c2004. |
|
| 300 |
_a274 صفحة ؛ _c24 سم. |
||
| 336 |
_2rdacontent _aنص _btxt |
||
| 337 |
_2rdamedia _aبدون وسيط _bn |
||
| 338 |
_2rdacarrier _aمجلد _bnc |
||
| 490 | 0 |
_aالذخائر ؛ _v122 |
|
| 500 | _aيشتمل على كشافات. | ||
| 541 |
_aألف باء _cشراء ؛ |
||
| 650 | 7 |
_98511 _aالشعر العربي _xتاريخ _yالعصر العباسي. _2BUEsh |
|
| 655 | _vReading book | ||
| 700 | 1 |
_915424 _aسلطان، منير، _eمقدم. |
|
| 700 | 1 |
_915425 _aدن، ج. هيورث، _eمحقق. |
|
| 942 |
_2ddc _cBB |
||
| 999 |
_c14278 _d14278 |
||